| 000 -LEADER |
| fixed length control field |
01140cam a22002894a 4500 |
| 020 ## - INTERNATIONAL STANDARD BOOK NUMBER |
| ISBN |
1559637889 (cloth : alk. paper) |
| 020 ## - INTERNATIONAL STANDARD BOOK NUMBER |
| ISBN |
9781559637886 (cloth : alk. paper) |
| 020 ## - INTERNATIONAL STANDARD BOOK NUMBER |
| ISBN |
1559637889 (pbk : alk. paper) |
| 020 ## - INTERNATIONAL STANDARD BOOK NUMBER |
| ISBN |
9781559637886 (pbk : alk. paper) |
| 020 ## - INTERNATIONAL STANDARD BOOK NUMBER |
| ISBN |
1559637897 (pbk : alk. paper) |
| 020 ## - INTERNATIONAL STANDARD BOOK NUMBER |
| ISBN |
9781559637893 (pbk : alk. paper) |
| 040 ## - CATALOGING SOURCE |
| Transcribing agency |
DLC |
| 082 00 - DEWEY DECIMAL CLASSIFICATION NUMBER |
| Classification number |
634 I.P 2004 C141 Or. |
| 100 1# - MAIN ENTRY--AUTHOR NAME |
| Personal name |
McEvoy, Thomas J. |
| 245 10 - TITLE STATEMENT |
| Title |
Positive impact forestry : |
| Remainder of title |
a sustainable approach to managing woodlands / |
| 260 ## - PUBLICATION, DISTRIBUTION, ETC. (IMPRINT) |
| Place of publication |
Washington, DC : |
| Name of publisher |
Island Press, |
| Year of publication |
c2004 |
| 300 ## - PHYSICAL DESCRIPTION |
| Number of Pages |
xx, 268 p. : |
| Other physical details |
ill. ; |
| Dimensions |
24 cm |
| 520 8# - SUMMARY, ETC. |
| Summary, etc |
Annotation |
| 650 #0 - SUBJECT ADDED ENTRY--TOPICAL TERM |
| Topical Term |
Sustainable forestry |
| 650 #0 - SUBJECT ADDED ENTRY--TOPICAL TERM |
| Topical Term |
Forest management |
| 650 #0 - SUBJECT ADDED ENTRY--TOPICAL TERM |
| Topical Term |
Forest ecology |
| 856 41 - ELECTRONIC LOCATION AND ACCESS |
| Uniform Resource Identifier |
http://site.ebrary.com/id/10196539 |
| 856 41 - ELECTRONIC LOCATION AND ACCESS |
| Uniform Resource Identifier |
http://catdir.loc.gov/catdir/toc/ecip0410/2003022406.html |
| 856 41 - ELECTRONIC LOCATION AND ACCESS |
| Uniform Resource Identifier |
http://bvbr.bib-bvb.de:8991/F?func=service&doc_library=BVB01&doc_number=012813082&line_number=0001&func_code=DB_RECORDS&service_type=MEDIA |
| 856 42 - ELECTRONIC LOCATION AND ACCESS |
| Uniform Resource Identifier |
http://catdir.loc.gov/catdir/enhancements/fy0666/2003022406-d.html |
| 942 ## - ADDED ENTRY ELEMENTS (KOHA) |
| Koha item type |
ADB |
| 952 ## - LOCATION AND ITEM INFORMATION (KOHA) |
| Withdrawn status [LOCAL, KOHA] |
0 |